[Event "Barranquilla Carnaval Cup"]
[Site "Barranquilla"]
[Date "2024.02.07"]
[Round "9"]
[White "Pena Pena, Gabriela de Jesus"]
[Black "Ortiz Salcedo, Nayade"]
[Result "1-0"]
[WhiteElo "1467"]
[BlackElo "1397"]
[PlyCount "61"]
[EventDate "2024.02.03"]
[EventType "swiss"]
[EventRounds "9"]
[EventCountry "COL"]
[SourceTitle "CB07_2024"]
[SourceDate "2024.02.14"]
[SourceVersion "1"]
[SourceVersionDate "2024.02.14"]
[SourceQuality "1"]

1. d4 d5 2. Nf3 Nc6 3. e3 Nf6 4. Bd3 g6 5. Nbd2 Bg7 6. a3 0-0 7. 0-0 b6 8. b3 Bb7 9. Bb2 Qd6 10. Ne5 Nd7 11. f4 e6 12. c4 a6 13. b4 a5 14. b5 Ncxe5 15. fxe5 Qe7 16. cxd5 exd5 17. a4 c5 18. bxc6 Bxc6 19. Ba3 Qe8 20. Bxf8 Qxf8 21. Qb3 Qe7 22. Bb5 Bb7 23. Bxd7 Qxd7 24. Qxb6 Ba6 25. Rf3 Be2 26. Rf2 Bd3 27. Rc1 Ra6 28. Qc7 Qxa4 29. Qxf7+ Kh8 30. Rc8+ Bf8 31. Rxf8# 1-0

[Event "Barranquilla Carnaval Cup"]
[Site "Barranquilla"]
[Date "2024.02.06"]
[Round "7"]
[White "Pena Pena, Gabriela de Jesus"]
[Black "Payares Diaz, Alejandro"]
[Result "0-1"]
[WhiteElo "1467"]
[BlackElo "1406"]
[PlyCount "81"]
[EventDate "2024.02.03"]
[EventType "swiss"]
[EventRounds "9"]
[EventCountry "COL"]
[SourceTitle "CB07_2024"]
[SourceDate "2024.02.14"]
[SourceVersion "1"]
[SourceVersionDate "2024.02.14"]
[SourceQuality "1"]

1. d4 g6 2. Nf3 Bg7 3. e3 Nf6 4. Bd3 d6 5. Nbd2 0-0 6. 0-0 Nc6 7. a3 e5 8. dxe5 dxe5 9. e4 Bg4 10. b3 Re8 11. Bb2 Qe7 12. h3 Bxf3 13. Nxf3 Nh5 14. Bc4 Rad8 15. Qe2 Nf4 16. Qe3 Bh6 17. Qc3 a6 18. a4 Nd4 19. Ba3 Nde2+ 20. Kh1 Nxc3 21. Bxe7 Rxe7 22. Kh2 b5 23. axb5 axb5 24. Bd5 Ncxd5 25. exd5 Nxd5 26. Rfd1 Red7 27. c4 bxc4 28. bxc4 Nf6 29. Rxd7 Rxd7 30. g3 e4 31. Ne5 Re7 32. Nc6 Rd7 33. Ra2 Rd2 34. Rxd2 Bxd2 35. Kg2 Nd7 36. Kf1 Nb6 37. c5 Na4 38. Ne7+ Kf8 39. Nd5 Ba5 40. c6 h6 41. Nf6 0-1

[Event "Barranquilla Carnaval Cup"]
[Site "Barranquilla"]
[Date "2024.02.05"]
[Round "5"]
[White "Pena Pena, Gabriela de Jesus"]
[Black "Duran Duran, Keneth"]
[Result "1-0"]
[WhiteElo "1467"]
[BlackElo "1561"]
[PlyCount "85"]
[EventDate "2024.02.03"]
[EventType "swiss"]
[EventRounds "9"]
[EventCountry "COL"]
[SourceTitle "CB07_2024"]
[SourceDate "2024.02.14"]
[SourceVersion "1"]
[SourceVersionDate "2024.02.14"]
[SourceQuality "1"]

1. d4 e6 2. Nf3 Nf6 3. e3 Be7 4. Bd3 0-0 5. 0-0 Nc6 6. a3 d6 7. Nbd2 b6 8. b3 Bb7 9. Bb2 h6 10. e4 Nd7 11. d5 exd5 12. exd5 Nce5 13. Nxe5 Nxe5 14. Bxe5 dxe5 15. c4 f5 16. Qh5 e4 17. Bc2 Bg5 18. Rad1 Qf6 19. f4 Qd4+ 20. Kh1 Be7 21. Qe2 Bxa3 22. Nxe4 Qb2 23. Ng3 Rae8 24. Qd2 Qf6 25. Bxf5 Bd6 26. Be6+ Kh8 27. f5 Qh4 28. Qe3 Rf6 29. Rd4 Bc5 30. Rxh4 Bxe3 31. Nh5 Rff8 32. f6 Kh7 33. Nxg7 Bg5 34. Rh3 Rd8 35. Nh5 Bc8 36. Rhf3 Rd6 37. Re1 Bb7 38. g4 c6 39. Bf5+ Kh8 40. Re7 Ba8 41. Rh7+ Kg8 42. Rg7+ Kh8 43. f7 1-0